Human rights : questions and answers /

Saved in:
நூற்பட்டியல் விவரங்கள்
தலைமை எழுத்தாளர்: Levin, Leah
குழும எழுத்தாளர்: Unesco Publishing.
மற்ற எழுத்தாளர்கள்: Plantu., Plantu, 1951-
வடிவம்: புத்தகம்
மொழி:English
வெளியீடப்பட்டது: Paris : UNESCO Pub., 2004.
பதிப்பு:4th ed.
பகுதிகள்:
குறியீடுகள்: குறிச்சொல் இணை
குறியீடுகள் இல்லை, இந்த குறிச்சொல்லை முதலில் பதிவு செய்யுங்கள்!
LEADER 00968cam a2200313 a 4500
001 009803475-8
005 20100617080208.0
008 040712s2004 fr a b i000 0 eng d
010 |a  2004459638 
020 |a 9231039423 
035 0 |a ocm55893945 
040 |a FQG  |c FQG  |d DLC 
042 |a lccopycat 
050 0 0 |a K3240  |b .L48 2004 
082 0 0 |a 341.4/8  |2 22 
100 1 |a Levin, Leah  |q (Leah Sarah) 
245 1 0 |a Human rights :  |b questions and answers /  |c Leah Levin ; illustrated by Plantu. 
250 |a 4th ed. 
260 |a Paris :  |b UNESCO Pub.,  |c 2004. 
300 |a 200 p. :  |b ill. ;  |c 21 cm. 
504 |a Includes bibliographical references. 
650 0 |a Human rights  |v Miscellanea. 
650 0 |a Human rights. 
700 1 |a Plantu. 
710 2 |a Unesco Publishing. 
776 0 8 |i Online version:  |a Levin, Leah, (Leah Sarah)  |t Human rights.  |b 4th ed.  |d Paris : UNESCO Pub., 2004  |w (OCoLC)604374728 
700 1 |a Plantu,  |d 1951- 
988 |a 20050920 
906 |0 OCLC